000 00912nmm a2200289 a 4500
001 ocm0002016383
003 TR-IsHL
005 20201028175441.0
008 181028s2009 tu tur
007 cr cn
020 _a9786055988050
035 _a2016383
_b(N$T)
050 0 4 _aPG1419.23.U38
_bZ5 2009
090 0 4 _aPG1419.23.U38
_bZ5 2009
100 1 _aMuhik, Ferid
245 1 0 _aZirve: şiirler
_h[electronic resource] /
_cFerid Muhik ; çeviren Mariya Leontiç
250 _a2. Baskı
260 _aAnkara :
_bBengü Yayınları,
_c2009
300 _a143 p.
650 4 _aDil ve Edebiyat
650 4 _aLanguage and Literature
650 0 _aBosna şiiri
650 0 _aBosnian poetry
650 7 _aPOETRY / Russian & Former Soviet Union
_2bisacsh
700 1 _aLeontiç, Mariya
856 4 0 _uhttp://search.ebscohost.com/login.aspx?direct=true&scope=site&db=e011xww&AN=2016383
999 _c18673
_d18673